| 000 | 00610nam a2200157Ia 4500 | ||
|---|---|---|---|
| 008 | 220216s9999 xx 000 0 und d | ||
| 100 | _aVan Bellingen C | ||
| 245 | 0 | _aInfluence of conductive carbon blacks on rubber properties-New developments and applications | |
| 260 | _bRubberchem 2001-The International Rubber Chemicals, Compounding and Mixing Conference. Proceedings of a Conference held Brussels, 3rd-4th April 2001.Paper.8.p9.012 | ||
| 500 | _aSource Year: 2001 | ||
| 650 | _aConductive carbon black | ||
| 650 | _aRubber properties | ||
| 700 | _aProbst N | ||
| 856 | _uRAPRA.38(12) | ||
| 942 | _cJS | ||
| 999 |
_c61203 _d61203 |
||